000
00309nam a22001457a 4500
008
230418b ||||| |||| 00| 0 eng d
020
_a
20499450
041
_a
eng
080
_a
616.8
082
_a
616.8CAT
100
_a
12
101
_a
KANC
245
_a
VIUSID AND OCOXIN
_c
CATALYSIS
942
_2
udc
_c
BK
999
_c
59576
_d
59576